LIBRARY & INFORMATION CENTRE, KCAET, TAVANUR

ONLINE PUBLIC ACCESS CATALOGUE (OPAC)

Thermal Engineering (Heat Engines): | Mechanical Engineering Vol.1 (Record no. 19022)

MARC details
000 -LEADER
fixed length control field 00434nam a22001577a 4500
003 - CONTROL NUMBER IDENTIFIER
control field OSt
008 - FIXED-LENGTH DATA ELEMENTS--GENERAL INFORMATION
fixed length control field 250113b |||||||| |||| 00| 0 eng d
041 ## - LANGUAGE CODE
Language code of text/sound track or separate title eng
082 ## - DEWEY DECIMAL CLASSIFICATION NUMBER
Classification number 621.402
Item number BEL/TH
100 ## - MAIN ENTRY--AUTHOR NAME
Personal name Bellany, PL
245 ## - TITLE STATEMENT
Title Thermal Engineering (Heat Engines):
Remainder of title Mechanical Engineering Vol.1
250 ## - EDITION STATEMENT
Edition statement 14th (Revised and Enlarged).
260 ## - PUBLICATION, DISTRIBUTION, ETC. (IMPRINT)
Place of publication New Delhi:
Name of publisher Khanna Publishers,
Year of publication 1985.
300 ## - PHYSICAL DESCRIPTION
Number of Pages 1734p.
942 ## - ADDED ENTRY ELEMENTS (KOHA)
Koha item type Books
Holdings
Withdrawn status Lost status Damaged status Home library Current library Date acquired Source of acquisition Cost, normal purchase price Full call number Accession Number Koha item type Public note
      KAUAET KAUAET 13/01/2025 Standard Book House, Thrissur. 70.00 621.402 BEL/TH 15159 Books  
Withdrawn     KAUAET KAUAET 13/01/2025 Standard Book House, Thrissur. 70.00 621.402 BEL/TH 15152 Books Withdrawn as per order no A3-2738/87/K Dis dated 3-11-89
free website counter